000 00284nam a22001337a 4500
020 _a0-7214-1969-2
082 _a823
_bKIN/Z
100 _aKINGSTON, PETER
245 _aZORIC THE SPACEMAN
260 _aUK
_bLADYBIRD
300 _a51
650 _aENGLISH SHORT STORY
_zUK
942 _cBK
999 _c4857
_d4857